| 000 | 00644nam a22002057a 4500 | ||
|---|---|---|---|
| 999 |
_c14865 _d14865 |
||
| 003 | AR-CdUCM | ||
| 008 | 190424b ||||| |||| 00| 0 spa d | ||
| 020 | _a978-607-618-041-9 | ||
| 040 |
_aMUNICIPALIDAD PROVINCIAL DEL CUSCO _cBIBLIOTECA MUNICIPAL DEL CUSCO |
||
| 082 |
_aPI / 590 / _bP66 |
||
| 100 |
_aPledger, Maurice _925658 |
||
| 245 | _aPistas Naturales en el bosque / | ||
| 260 |
_aMéxico : _bSilver dolphin, _c2013. |
||
| 300 |
_bIlustraciones, _c19 cm. |
||
| 505 | _aContenido :Cuentos infantiles para niños / | ||
| 650 |
_aTexto infantil _929090 |
||
| 650 |
_aCuento _94671 |
||
| 942 |
_2ddc _cLIBROS |
||
| 945 |
_arjall _d2019-04-24 |
||